000 01145nam a2200229Ia 4500
003 IN-BaIIA
008 211028s9999 xx 000 0 eng d
020 _a90-277-2522-5
040 _cIIA Library
080 _a52(082.1)
_bASS-136
100 _aLamers, Henny J. G. L. M.
_915352
111 _aWorkshop in Honour of Professor Cees De Jager on the occasion of his 65th birthday on instabilities in luminous early type stars
_cLunteren, Netherlands
_d1986 Apr. 21-24
_915353
245 0 _aInstabilities in luminous early type stars
_bproceedings of a workshop in honour of Professor Cees De Jager on the occasion of his 65th birthday on instabilities in luminous early type stars, held in Lunteren, Netherlands, 21-24 April 1986
_cHenny J. G. L. M. Lamers and De Loore, Camiel, W. H.
260 _aDordrecht
_bD. Reidel Publishing
_c1987
300 _axvi, 290p.
490 _aAstrophysics and space science library; v. 136
650 _aAstronomy and Astrophysics Thesaurus
650 _aEarly type stars
_95343
650 _aWolf-Rayet stars
_97146
700 _aCamiel, W. H. De Loore
_915354
942 _cBK
999 _c9144
_d9144